[Event "7th V.Nabokov Mem"]
[Site "Kyiv UKR"]
[Date "2009.04.16"]
[Round "3"]
[White "Nyzhnyk,I"]
[Black "Itkis,B"]
[Result "1-0"]
[WhiteElo "2499"]
[BlackElo "2430"]

1.e4 c5 2.Nf3 e6 3.d4 cxd4 4.Nxd4 a6 5.Bd3 Nf6 6.O-O d6 7.Qe2 Be7 8.c4 O-O
9.Nc3 b6 10.Be3 Bb7 11.f4 Nbd7 12.b4 d5 13.e5 Ne4 14.Bxe4 dxe4 15.a3 Rc8
16.Rac1 Qc7 17.Nd5 exd5 18.cxd5 Qd8 19.d6 Bxd6 20.exd6 Nf6 21.Nf5 Kh8 22.Bd4 Rxc1
23.Rxc1 Bc8 24.Nh6 Ne8 25.Qxe4 Nxd6 26.Qc6 Bb7 27.Qxd6 Qxd6 28.Bxg7+ Kxg7
29.Nf5+ Kf6 30.Nxd6 Bd5 31.Rd1 Ke6 32.Nf5 Bb7 33.Nd4+ Kf6 34.Kf2 Rc8 35.Ne2 Ke7
36.Rd2 Rc4 37.g3 a5 38.Rb2 axb4 39.Rxb4 Rxb4 40.axb4 Kd6 41.Nc3 f5 42.Ke3 Bc6
43.Kd4 h6 44.Nd1 Bd7 45.Ne3 Be6 46.Nc4+ Kc6 47.Ne5+ Kd6 48.h3 h5 49.Nc4+ Kc6
50.Na3 Kd6 51.Nb5+ Kc6 52.Ke5 Kxb5 53.Kxe6 Kxb4 54.Kxf5 Kc4 55.Ke5  1-0

[Event "4th Open"]
[Site "Angers FRA"]
[Date "2009.04.18"]
[Round "4"]
[White "Bailet,P"]
[Black "Loiret,S"]
[Result "1/2-1/2"]
[WhiteElo "2343"]
[BlackElo "2266"]

1.e4 c5 2.Nf3 e6 3.d4 cxd4 4.Nxd4 a6 5.Bd3 Qc7 6.O-O Nf6 7.Qe2 d6 8.c4 Nbd7
9.Nc3 b6 10.Be3 Bb7 11.Rac1 Rc8 12.b3 Nc5 13.f3 Be7 14.Bb1 O-O 15.Rfd1 Qb8
16.Qf2 Rfe8 17.Nde2 Bc6 18.b4 Ncd7 19.b5 Ba8 20.bxa6 Ne5 21.Bxb6 Nxc4 22.Ba7 Qb4
23.Kh1 Qa5 24.Bd3 Qxa6 25.a4 Qa5 26.Rb1 Rc7 27.Nb5 Rc6 28.Bxc4 Rxc4 29.Nxd6  1/2-1/2

[Event "TCh-HUN 2008-9"]
[Site "Budapest HUN"]
[Date "2009.04.18"]
[Round "11"]
[White "Gara,A"]
[Black "Horvath,Gy1"]
[Result "1/2-1/2"]
[WhiteElo "2312"]
[BlackElo "2370"]

1.e4 c5 2.Nf3 e6 3.d4 cxd4 4.Nxd4 a6 5.Bd3 Nc6 6.Nxc6 dxc6 7.Nd2 e5 8.Qh5 Bd6
9.Nc4 Nf6 10.Nxd6+ Qxd6 11.Qe2 Be6 12.O-O Nd7 13.Rd1 Qe7 14.c3 O-O 15.Be3 Rfd8
16.f3 f6 17.Qf2 a5 18.a4 Bb3 19.Rd2 Be6 20.Bc2 Nf8 21.Rxd8 Rxd8 22.Bc5 Qf7
23.Bb6 Ra8 24.Rd1 Bb3 25.Rd6 h6 26.Qe2 Kh7 27.Qd1 Bxc2 28.Qxc2 Nd7 29.Be3 Nf8
30.Qd1 Qa2 31.Rd2 Qc4 32.Rd3 Qa2 33.Rd2 Qc4 34.Rd3  1/2-1/2

[Event "TCh-HUN 2008-9"]
[Site "Budapest HUN"]
[Date "2009.04.18"]
[Round "11"]
[White "Lorand,N"]
[Black "Rigo,Z"]
[Result "1-0"]
[WhiteElo "2314"]
[BlackElo "2390"]

1.e4 c5 2.Nf3 e6 3.d4 cxd4 4.Nxd4 a6 5.Bd3 Bc5 6.Nb3 Ba7 7.Qg4 Nf6 8.Qg3 d6
9.Nc3 Nc6 10.Bd2 Nh5 11.Qf3 Qh4 12.g3 Ne5 13.Qe2 Qg4 14.O-O-O Nf6 15.f4 Qxe2
16.Bxe2 Neg4 17.Bxg4 Nxg4 18.Rde1 O-O 19.h3 Nf6 20.Be3 Bd7 21.Bxa7 Rxa7 22.Rd1 Bc6
23.Rhe1 d5 24.e5 Nd7 25.Nd4 Re8 26.Re3 Raa8 27.a4 Rac8 28.b3 b6 29.Kb2 Bb7
30.g4 Nf8 31.Nce2 Ng6 32.Rh1 Nh4 33.Rg1 Rc7 34.Rgg3 Rce7 35.a5 bxa5 36.Ka3 f6
37.Ka4 fxe5 38.fxe5 Ng6 39.Kxa5 Rf8 40.Rg1 Bc8 41.Rc1 Rb7 42.c4 dxc4 43.bxc4 Rd8
44.Rb3 Rxb3 45.Nxb3 Nxe5 46.c5 Rd3 47.Nbd4 Rxh3 48.c6 Kf7 49.Kb6 a5 50.Kc7 Ba6
51.Nxe6 Rh4 52.Nd8+ Ke8 53.Nc3 Nxc6 54.Nxc6 Rxg4 55.Kb6 Bc8 56.Nb5 Rg6 57.Kc7 Bh3
58.Nd6+ Kf8 59.Re1 Re6 60.Rg1 h5 61.Rg5 Bg4 62.Rxa5 Kg8 63.Ne5 Kh7 64.Ndf7 Re8
65.Ng5+ Kg8 66.Ng6 Rc8+ 67.Kb7 Re8 68.Ra4 Rd8 69.Rf4 Rd7+ 70.Kc6  1-0

[Event "Magnificent Chess UWI Masters"]
[Site "Mona JAM"]
[Date "2009.04.19"]
[Round "3"]
[White "Hammar,B"]
[Black "Vilela de Acuna,J"]
[Result "1/2-1/2"]
[WhiteElo "2323"]
[BlackElo "2338"]

1.e4 c5 2.Nf3 e6 3.d4 cxd4 4.Nxd4 a6 5.Bd3 Bc5 6.c3 d6 7.O-O Nf6 8.Nd2 e5
9.N4f3 Nc6 10.Qe2 O-O 11.Nb3 Bb6 12.Be3 Be6 13.Rad1 Qc7 14.Bg5 Nd7 15.Nh4 h6
16.Be3 Nf6 17.h3 Rad8 18.Bc2 Bxe3 19.Qxe3 Qe7 20.Nf3 Qc7 21.Rfe1 Rd7 22.Nh4 b5  1/2-1/2

[Event "ch-AZE U20"]
[Site "Baku AZE"]
[Date "2009.04.20"]
[Round "7"]
[White "Hasanov,Shakhr"]
[Black "Jafarli,A"]
[Result "1-0"]
[WhiteElo "2254"]
[BlackElo "2231"]

1.e4 c5 2.Nf3 e6 3.d4 cxd4 4.Nxd4 a6 5.Bd3 Bc5 6.Nb3 Be7 7.O-O d6 8.c4 Nd7
9.Nc3 b6 10.f4 Bb7 11.Qe2 Qc7 12.Bd2 Ngf6 13.Rae1 g6 14.e5 Nh5 15.exd6 Bxd6
16.Nd5 Qb8 17.Qf2 b5 18.Qd4 Qa7 19.c5 Bxd5 20.Qxh8+ Ke7 21.Qd4 Nxc5 22.Be3 Nxd3
23.Qxd3 Qb7 24.Rf2 Nf6 25.Bc5 Bxc5 26.Nxc5 Qb6 27.b4 Bc4 28.Qf3 Bd5 29.Qc3 Qd6
30.h3 Rc8 31.f5 Ne4 32.f6+ Kd8 33.Rxe4 Bxe4 34.Nxe4 Qd1+ 35.Rf1 Qe2 36.Qd4+ Ke8
37.Nd6+ Kf8 38.Nxc8  1-0

[Event "7th V.Nabokov Mem"]
[Site "Kyiv UKR"]
[Date "2009.04.20"]
[Round "8"]
[White "Nyzhnyk,I"]
[Black "Soltanici,R"]
[Result "1-0"]
[WhiteElo "2499"]
[BlackElo "2401"]

1.e4 c5 2.Nf3 e6 3.d4 cxd4 4.Nxd4 a6 5.Bd3 Bc5 6.Nb3 Be7 7.Qg4 Bf6 8.N1d2 Nc6
9.O-O Nge7 10.f4 d6 11.Nf3 Ng6 12.Qg3 O-O 13.c3 b5 14.Be3 Bb7 15.Rfd1 Qc7
16.Rac1 Rfe8 17.Qf2 Rac8 18.Rd2 Qb8 19.Rcd1 Qa8 20.Bb1 Nce7 21.f5 exf5 22.exf5 Ne5
23.Nxe5 Bxe5 24.Bd4 Be4 25.Bxe5 dxe5 26.Bxe4 Qxe4 27.f6 gxf6 28.Qxf6 Rc6
29.Qf2 Ng6 30.Re1 Qg4 31.Nd4 Nf4 32.Qg3 Rg6 33.Qxg4 Rxg4 34.Nf5 Rg5 35.Rxe5 Ne6
36.h4 Rg6 37.Rd6 Ng7 38.Rxe8+ Nxe8 39.Ne7+  1-0

[Event "Algimantas Cesnauskas Mem"]
[Site "Panevezys LAT"]
[Date "2009.04.21"]
[Round "2"]
[White "Hedman,E"]
[Black "Neiksans,A"]
[Result "1/2-1/2"]
[WhiteElo "2396"]
[BlackElo "2458"]

1.e4 c5 2.Nf3 e6 3.d4 cxd4 4.Nxd4 a6 5.Bd3 Nc6 6.Nxc6 dxc6 7.O-O e5 8.a4 Nf6
9.Nd2 Bg4 10.Qe1 Bc5 11.Nc4 Qe7 12.h3 Bh5 13.Rb1 O-O 14.b4 Bd4 15.b5 axb5
16.axb5 Bg6 17.Rb3 Ra4 18.Ba3 Bc5 19.Bxc5 Qxc5 20.bxc6 bxc6 21.Nd2 Nh5 22.Qb1 Nf4
23.Rb8 Ra8 24.Qb4 Qxb4 25.Rxb4 Rad8 26.Nf3 f6 27.Ne1 Bf7 28.Bc4 Bxc4 29.Rxc4 Rd1
30.g3 Nxh3+ 31.Kg2 Ng5 32.f4 exf4 33.gxf4 Ne6 34.Nd3 Rxf1 35.Kxf1 f5 36.Kg2 fxe4
37.Rxe4 Rf6 38.Kg3 g6 39.Ne5 Ng7 40.Ra4 Nf5+ 41.Kf3 c5 42.c3 Re6 43.Rc4 g5  1/2-1/2

[Event "Algimantas Cesnauskas Mem"]
[Site "Panevezys LAT"]
[Date "2009.04.22"]
[Round "4"]
[White "Hedman,E"]
[Black "Kveinys,A"]
[Result "1/2-1/2"]
[WhiteElo "2396"]
[BlackElo "2534"]

1.e4 c5 2.Nf3 e6 3.d4 cxd4 4.Nxd4 a6 5.Bd3 Bc5 6.Nb3 Be7 7.O-O d6 8.c4 Nf6
9.Nc3 O-O 10.Be3 Nbd7 11.Rc1 b6 12.f3 Bb7 13.Rf2 Rc8 14.Bf1 Qc7 15.Rd2 Rfe8
16.Qe1 Qb8 17.Qf2 Bd8 18.Rcd1 Bc7 19.g4 Ne5 20.g5 Nfd7 21.Be2 Nc5 22.f4 Ng6
23.Bf3 Nxb3 24.axb3 d5 25.e5 dxc4 26.bxc4 Bxf3 27.Qxf3 Nh4 28.Qe4 b5 29.c5 b4
30.Na4 Qb5 31.b3 Nf5 32.Bf2  1/2-1/2

[Event "84th ch-ARG Semifinal"]
[Site "La Plata ARG"]
[Date "2009.05.02"]
[Round "4"]
[White "Cuberli,E"]
[Black "Hobaica,J"]
[Result "1-0"]
[WhiteElo "2147"]
[BlackElo "2402"]

1.e4 c5 2.Nf3 e6 3.d4 cxd4 4.Nxd4 a6 5.Bd3 g6 6.Qe2 Bg7 7.c3 Ne7 8.O-O Nbc6
9.Be3 d5 10.Nd2 O-O 11.Nxc6 Nxc6 12.f4 b5 13.Nb3 Re8 14.Qf2 Rb8 15.Rad1 Qc7
16.Bc5 b4 17.f5 Be5 18.Qh4 dxe4 19.fxg6 hxg6 20.Bxe4 bxc3 21.Bxc6 Rxb3 22.Bxe8 Qxc5+
23.Kh1 Rb4 24.Qd8 f5 25.Bd7+ Qf8 26.Bxc8 Qxd8 27.Rxd8+ Kf7 28.bxc3 Bxc3 29.Bxa6 Ra4
30.Rd6 e5 31.Rb1 Kg7 32.Rbb6 Rxa2 33.Rxg6+ Kh7 34.Rh6+  1-0

[Event "ch-LTU"]
[Site "Vilnius LTU"]
[Date "2009.05.03"]
[Round "2"]
[White "Piesina,G"]
[Black "Zagorskis,D"]
[Result "1/2-1/2"]
[WhiteElo "2345"]
[BlackElo "2514"]

1.e4 c5 2.Ne2 e6 3.d4 cxd4 4.Nxd4 a6 5.Bd3 Qc7 6.O-O Nf6 7.Qe2 d6 8.c4 g6
9.Be3 Bg7 10.f3 O-O 11.Nc3 Nbd7 12.Rac1 b6 13.Qf2 Bb7 14.Rfd1 Rac8 15.Be2 Qb8
16.Nb3 Ba8 17.Bd4 Rc6 18.Nd2 Rfc8 19.Kh1 R6c7 20.Qg1 h5 21.a3 Kh7 22.a4 Re8
23.b4 Rcc8 24.Bf1 Bf8 25.Rb1 Qc7 26.Rb3 Rb8 27.Ra1 Ne5 28.a5 bxa5 29.b5 axb5
30.cxb5 Nfd7 31.b6 Qd8 32.Bb5 Nc6 33.Bxc6 Bxc6 34.Rxa5 Nc5 35.Bxc5 dxc5 36.Nc4 Qd4
37.Qxd4 cxd4 38.Ne2 Rec8 39.Ne5 Be8 40.Nd3 Rc4 41.b7 Ba4 42.Ra8 Bd6 43.Rb6 Bc2
44.Rxd6 Rxb7 45.Nf2 Rb1+ 46.Ng1 Bb3 47.h4 e5 48.Ra5 Rcc1 49.Nh3 Be6 50.Kh2 Rb2
51.Ng5+ Kh6 52.Rxe6 Rcc2 53.Nxf7+ Kg7 54.Nxe5 Rxg2+ 55.Kh3 Rh2+ 56.Kg3 Rbg2+
57.Kf4 Rxh4+ 58.Ng4 hxg4 59.Ra1 Rh1 60.fxg4 Rhxg1 61.Rxg1 Rxg1 62.Rd6 Rd1
63.Ke5 d3 64.Ke6 Kh6 65.e5 Kg5 66.Rd4 d2 67.Kd6 Re1 68.Rxd2 Kxg4 69.e6 g5
70.Rd4+ Kf3 71.Rd5 Kf4  1/2-1/2

[Event "Moscow Region Spring GM"]
[Site "Serpukhov RUS"]
[Date "2009.05.04"]
[Round "4"]
[White "Can,E"]
[Black "Iljiushenok,I"]
[Result "1/2-1/2"]
[WhiteElo "2461"]
[BlackElo "2413"]

1.e4 c5 2.Nf3 e6 3.d4 cxd4 4.Nxd4 a6 5.Bd3 Nc6 6.Nxc6 bxc6 7.O-O d5 8.c4 Nf6
9.cxd5 cxd5 10.exd5 Nxd5 11.Be4 Bd6 12.Bxd5 exd5 13.Bf4 Be6 14.Bxd6 Qxd6
15.Qa4+ Qd7 16.Qd4 O-O 17.Nd2 Rfc8 18.Rac1 Rxc1 19.Rxc1 Rc8 20.Rxc8+ Qxc8
21.f3 h6 22.a3 Qc1+ 23.Kf2 Qc7 24.b3 f6 25.b4 Qc2 26.Kg3 Kf7 27.f4 Qc1 28.Qd3 Ke7
29.Nf3 Qc4 30.Qe3 Kf7 31.Qa7+ Kg8 32.Qd4 Kf7 33.Qc5 g5 34.Qd4 Kg6 35.h4 gxh4+
36.Kxh4 h5 37.Kg3  1/2-1/2

[Event "Moscow Region Spring GM"]
[Site "Serpukhov RUS"]
[Date "2009.05.04"]
[Round "7"]
[White "Matsenko,S"]
[Black "Iljiushenok,I"]
[Result "0-1"]
[WhiteElo "2435"]
[BlackElo "2413"]

1.e4 c5 2.Nf3 e6 3.d4 cxd4 4.Nxd4 a6 5.Bd3 Nc6 6.Nxc6 dxc6 7.O-O e5 8.Nd2 Nf6
9.Nc4 Bd6 10.b3 O-O 11.Bb2 Re8 12.Nxd6 Qxd6 13.Qf3 c5 14.h3 b5 15.a4 Bd7
16.Qe2 Rab8 17.axb5 axb5 18.Qe3 Nh5 19.Rfd1 Qc7 20.Bf1 Nf4 21.Ra6 f6 22.Rda1 Ne6
23.c3 Bc6 24.h4 Re7 25.g3 Bb7 26.R6a5 Bc6 27.Bh3 Nd8 28.f3 Nb7 29.Ra7 Bd7
30.Bf1 Qc8 31.R7a6 Qc7 32.Qf2 Be8 33.Bc1 c4 34.bxc4 bxc4 35.Qb6 Bf7 36.Qxc7 Rxc7
37.Rb6 Rbc8 38.Ra7 Nd8 39.Rxc7 Rxc7 40.Rb8 Rd7 41.Ba3 Be6 42.Kf2 Kf7 43.Ke3 g6
44.Ra8 Rd1 45.Ra7+ Kg8 46.Be2 Ra1 47.Bc5 Rxa7 48.Bxa7 Kf7 49.Kd2 Ke7 50.Bc5+ Kd7
51.Bd1 Nb7 52.Ba4+ Kd8 53.Bb4 Bd7 54.Bd1 Kc7 55.Ke3 Nd6 56.Be2 Be6 57.Bd1 Bd7
58.Be2 Be6 59.f4 Kd7 60.Bd1 Ke7 61.Ba5 Ke8 62.g4 h6 63.f5 Bf7 64.Bb4 Ke7
65.Ba4 g5 66.h5 Bg8 67.Bxd6+ Kxd6 68.Kd2 Bf7 69.Kc2 Kc5 70.Kb2 Kb6 71.Ka3 Ka5
72.Bd7 Bxh5  0-1

[Event "2nd Mayors Cup"]
[Site "Mumbai IND"]
[Date "2009.05.05"]
[Round "6"]
[White "Joshi,GB"]
[Black "Kostenko,P"]
[Result "0-1"]
[WhiteElo "2282"]
[BlackElo "2490"]

1.e4 c5 2.Nf3 e6 3.d4 cxd4 4.Nxd4 a6 5.Bd3 d6 6.O-O Nd7 7.Qe2 Ngf6 8.c4 b6
9.Nc3 Bb7 10.b3 Rc8 11.Bb2 g6 12.Rad1 Bg7 13.Bb1 O-O 14.Rfe1 Qe7 15.Nf3 Rfd8
16.h3 Nc5 17.Nh2 Ncd7 18.Ba3 Ne8 19.Na4 Bc6 20.e5 Bxe5 21.Ng4 Bg7 22.Nb2 Ndf6
23.Nd3 Ba8 24.Bb2 Qb7 25.f3 b5 26.cxb5 Qxb5 27.Qd2 Nxg4 28.hxg4 Rc7 29.Nf2 Rdc8
30.Bd3 Qb6 31.Rc1 a5 32.Bxg7 Nxg7 33.Kf1 Bb7 34.Rxc7 Rxc7 35.Rc1 Ne8 36.g5 Ba6
37.Rd1 Rc5 38.Ne4 Rd5 39.Qe2 Rxd3 40.Rxd3 Qb5 41.Rd2 Qc6 42.Rd3 d5 43.Nf6+ Nxf6
44.gxf6 Bxd3 45.Qxd3 Qc1+ 46.Ke2 Qg5 47.Qc3 Qxg2+ 48.Ke3 h5 49.Qxa5 Qg5+  0-1

[Event "Moscow Region Spring GM"]
[Site "Serpukhov RUS"]
[Date "2009.05.06"]
[Round "11"]
[White "Arslanov,S"]
[Black "Savina,A"]
[Result "1/2-1/2"]
[WhiteElo "2365"]
[BlackElo "2258"]

1.e4 c5 2.Nf3 e6 3.d4 cxd4 4.Nxd4 a6 5.Bd3 Bc5 6.Nb3 Ba7 7.Qe2 Nc6 8.Be3 d6
9.c4 Nf6 10.Nc3 O-O 11.O-O Bxe3 12.Qxe3 e5 13.Rfd1 Na5 14.c5 Nxb3 15.axb3 dxc5
16.Qxc5 Nd7 17.Qa3 Nb6 18.Be2 Qg5 19.Rd6 Bh3 20.Bf3 Nc8 21.Rd3  1/2-1/2

[Event "XXVIII Open"]
[Site "Zalakaros HUN"]
[Date "2009.05.08"]
[Round "1"]
[White "Horvath,Ad1"]
[Black "Amstadt,A"]
[Result "1/2-1/2"]
[WhiteElo "2519"]
[BlackElo "2219"]

1.e4 c5 2.Nf3 e6 3.d4 cxd4 4.Nxd4 a6 5.Bd3 Nf6 6.Qe2 d6 7.c4 Be7 8.Nc3 Qc7
9.O-O b6 10.Kh1 Bb7 11.Bg5 Nbd7 12.Rae1 h6 13.Bd2 g5 14.f4 gxf4 15.Bxf4 Ne5
16.Nd5 exd5 17.Bxe5 dxe5 18.exd5 O-O-O 19.Qxe5 Qxe5 20.Rxe5 Bc5 21.Nb3 Bd6
22.Re2 Nd7 23.Bf5 Kc7 24.Bxd7 Rxd7 25.a4 Kb8 26.Nd4 Rc8 27.b3 Bc5 28.Nf5 b5
29.axb5 axb5 30.Nxh6 Rh8 31.Nf5 Ba6 32.Re4 Rh5  1/2-1/2

[Event "Copenhagen Chess Challenge"]
[Site "Ballerup DEN"]
[Date "2009.05.09"]
[Round "6"]
[White "Hagen,Andr"]
[Black "Feuerstack,A"]
[Result "1-0"]
[WhiteElo "2278"]
[BlackElo "2345"]

1.e4 c5 2.Nf3 e6 3.d4 cxd4 4.Nxd4 a6 5.Bd3 Bc5 6.Nb3 Be7 7.Qg4 g6 8.Qe2 d6
9.O-O Nd7 10.Na3 Ngf6 11.Bh6 Ne5 12.f4 Neg4 13.Bg7 Rg8 14.Bxf6 Nxf6 15.e5 Nd5
16.c4 Nb4 17.exd6 Bxd6 18.c5 Bc7 19.Be4 f5 20.Bf3 Qd3 21.Qe1 Nd5 22.Kh1 Kf8
23.Qh4 Nxf4 24.Rad1 Qe3 25.Nc4  1-0

[Event "FSFMA May"]
[Site "Budapest HUN"]
[Date "2009.05.09"]
[Round "7"]
[White "Schenkerik,C"]
[Black "Heyl,T"]
[Result "1/2-1/2"]
[WhiteElo "2215"]
[BlackElo "2051"]

1.e4 c5 2.Nf3 e6 3.d4 cxd4 4.Nxd4 a6 5.Bd3 Nf6 6.O-O Qc7 7.c4 Nc6 8.Nxc6 dxc6
9.Nc3 e5 10.Qe2 Bc5 11.Be3 Bxe3 12.Qxe3 O-O 13.Be2 Be6 14.Rfd1 Rad8 15.Rac1 Rxd1+
16.Rxd1 Rd8 17.Rxd8+ Qxd8 18.f3 Nd7 19.b4 a5 20.a3 axb4 21.axb4 Qa8 22.b5 Qa3
23.bxc6 bxc6 24.Kf2 f6 25.Nd1 Qb4 26.Qa7 Kf7 27.Ne3 Qb6 28.Qxb6 Nxb6 29.Ke1 Ke7
30.Kd2 Kd6 31.Kc3 Kc5 32.Bf1 Na4+ 33.Kb3 Nb6 34.Kc3  1/2-1/2

[Event "XI Open"]
[Site "Salou ESP"]
[Date "2009.05.09"]
[Round "5"]
[White "Berg,E"]
[Black "Lemos,D"]
[Result "1/2-1/2"]
[WhiteElo "2610"]
[BlackElo "2511"]

1.e4 c5 2.Nf3 e6 3.d4 cxd4 4.Nxd4 a6 5.Bd3 Bc5 6.Nb3 Be7 7.O-O d6 8.c4 Nf6
9.Nc3 Nbd7 10.Qe2 Qc7 11.f4 b6 12.Bd2 Bb7 13.Nd4 O-O 14.Rae1 g6 15.Nf3 Rfe8
16.b4 Rad8 17.a3 Bf8 18.Kh1 Bg7  1/2-1/2

[Event "ch-LTU"]
[Site "Vilnius LTU"]
[Date "2009.05.09"]
[Round "10"]
[White "Piesina,G"]
[Black "Kveinys,A"]
[Result "0-1"]
[WhiteElo "2345"]
[BlackElo "2534"]

1.e4 c5 2.Nf3 e6 3.d4 cxd4 4.Nxd4 a6 5.Bd3 Bc5 6.Nb3 Ba7 7.Nc3 Nc6 8.Qe2 Nge7
9.Bg5 d6 10.O-O-O b5 11.Rhe1 b4 12.Nb1 Qc7 13.N1d2 O-O 14.f4 a5 15.Nf3 a4
16.Nbd2 a3 17.b3 f6 18.Bh4 d5 19.Bf2 Bxf2 20.Qxf2 Qxf4 21.exd5 exd5 22.Qc5 Rf7
23.g3 Qb8 24.Nd4 Ne5 25.Be2 Bd7 26.Kb1 Qb7 27.N2f3 Rc8 28.Qa5 N5c6 29.Qa6 Qb8
30.Bb5 Qc7 31.Bxc6 Nxc6 32.Nb5 Qb8 33.Rxd5 Bg4 34.Nfd4 Nxd4 35.Rxd4 Re8 36.Rc1 Be2
37.Rxb4 Rb7 38.Qxa3 Bxb5 39.Qa5 Re5 40.Rd1 Be8 41.Rd8 Rxa5 42.Rxb8 Re7 43.Rc4 Kf7
44.a4 g5 45.Kb2 f5 46.Rb6 h5 47.Rd4 Re6 48.Rb7+ Kf6 49.Ka3 Raa6 50.Kb4 Bc6
51.Rb8 Re4 52.Kc5 Ra5+ 53.Kb6 Rxd4 54.Kxa5 f4 55.gxf4 gxf4 56.b4 f3 57.b5 Be4
58.Rf8+ Ke5 59.b6 Rd7 60.c4 Bf5 61.Re8+ Be6 62.Rf8 Bf7 63.c5 f2 64.c6 Rd5+
65.Ka6 f1=Q+ 66.Kb7 Ra5 67.Kc7 Qf6  0-1

[Event "XXVIII Open"]
[Site "Zalakaros HUN"]
[Date "2009.05.10"]
[Round "3"]
[White "Kozma,E"]
[Black "Amstadt,A"]
[Result "0-1"]
[WhiteElo "2050"]
[BlackElo "2219"]

1.e4 c5 2.Nf3 e6 3.d4 cxd4 4.Nxd4 a6 5.Bd3 Qc7 6.O-O Nf6 7.Kh1 b5 8.f4 d6
9.a4 b4 10.Qe1 Bb7 11.Bd2 Nc6 12.Nf3 Be7 13.Qg3 g6 14.e5 Nd7 15.exd6 Bxd6
16.c3 Nc5 17.Ng5 Nxd3 18.Qxd3 a5 19.Ne4 Be7 20.cxb4 axb4 21.Rc1 Rd8 22.Qc2 Qb6
23.Nc5 Nd4 24.Qc4 Qxc5  0-1

[Event "XXVIII Open"]
[Site "Zalakaros HUN"]
[Date "2009.05.14"]
[Round "7"]
[White "Zsifkovits,R"]
[Black "Amstadt,A"]
[Result "1/2-1/2"]
[WhiteElo "2149"]
[BlackElo "2219"]

1.e4 c5 2.Nf3 e6 3.d4 cxd4 4.Nxd4 a6 5.Bd3 Qc7 6.Nc3 Nf6 7.f4 d6 8.Qf3 b5
9.g4 Bb7 10.g5 Nfd7 11.Bd2 b4 12.Nce2 d5 13.e5 Nc6 14.O-O-O Bc5 15.Be3 Qb6
16.Qf2 a5 17.Kb1 a4 18.Rc1 Ba6 19.Rhd1 b3 20.a3 Na5 21.Bxa6 Bxd4 22.Rxd4 Qxa6
23.Rxa4 bxc2+ 24.Rxc2 Qd3 25.Bb6 Rc8 26.Nc1 Rxc2 27.Qxc2 Qxc2+ 28.Kxc2 Nxb6
29.Rxa5 O-O 30.b3 Rc8+ 31.Kb2 f6 32.Nd3 fxg5 33.fxg5 d4 34.Rc5 Rf8 35.Rc6 Nd5
36.a4 Rf3 37.Rc8+ Kf7 38.Kc2 Ne3+ 39.Kd2 Nf1+ 40.Kc2 Ne3+ 41.Kb1 Nd1 42.Nc1 d3
43.Na2 Ne3 44.Nc3 Rf1+ 45.Kb2 Rf2+ 46.Kb1 Rf1+ 47.Kb2 Rf2+ 48.Kb1 Rf1+  1/2-1/2

[Event "TCh-FIN"]
[Site "Finland FIN"]
[Date "2009.05.15"]
[Round "9"]
[White "Nyysti,S"]
[Black "Ivanov,MM"]
[Result "1/2-1/2"]
[WhiteElo "2359"]
[BlackElo "2489"]

1.e4 c5 2.Nf3 e6 3.d4 cxd4 4.Nxd4 a6 5.Bd3 Nf6 6.O-O d6 7.c4 b6 8.Nc3 Bb7
9.b3 g6 10.Qd2 Nbd7 11.Bc2 Bg7 12.Ba3 Nc5 13.f3 O-O 14.Rfd1 Qc7 15.Rac1 Rfd8
16.b4 Ncd7 17.Bb3 Rac8 18.Qf2 Qb8 19.Na4 Ba8 20.b5 Nc5 21.bxa6 Qa7 22.Nb5 Qxa6
23.e5 Nxa4 24.exf6 Bxf6 25.Nxd6 Nc3 26.Rxc3 Bxc3 27.Nxc8 Rxd1+ 28.Bxd1 Qxa3
29.Qxb6 Qc1 30.Qd8+ Kg7 31.Kf2 Qb2+ 32.Be2 Bd4+ 33.Kg3 Bg1 34.Nd6 Qe5+ 35.f4 Qe3+
36.Bf3 Bc6 37.Qc7 Bf2+ 38.Kh3 Bxf3 39.Qxf7+ Kh6 40.g3 Qc5 41.Qf8+ Kh5 42.Qe7 Bg4+
43.Kg2 Qc6+ 44.Kxf2 Qf3+ 45.Kg1 Qd1+ 46.Kf2 Qe2+ 47.Kg1 Qe1+ 48.Kg2 Bh3+
49.Kf3 Qc3+ 50.Ke2 Bg4+ 51.Kf2 Qf3+  1/2-1/2

[Event "TCh-ISR 2008-9"]
[Site "Israel ISR"]
[Date "2009.05.22"]
[Round "11"]
[White "Gruenfeld,Y"]
[Black "Ribshtein,N"]
[Result "1-0"]
[WhiteElo "2498"]
[BlackElo "2349"]

1.e4 c5 2.Nf3 e6 3.d4 cxd4 4.Nxd4 a6 5.Bd3 Bc5 6.Nb3 Ba7 7.Nc3 Nc6 8.Qe2 d6
9.Be3 b5 10.O-O Nge7 11.Rad1 e5 12.Bxa7 Rxa7 13.a4 bxa4 14.Nxa4 Ng6 15.Qe3 Be6
16.Nc3 Bxb3 17.cxb3 Nf4 18.Bc4 O-O 19.g3 Ne6 20.f4 Ned4 21.f5 Kh8 22.g4 Qh4
23.Kh1 Qxg4 24.Rd2 f6 25.Rg2 Qh5 26.Rg3 g5 27.fxg6 f5 28.Rfg1 Rg7 29.Rh3 f4
30.Qd3 Qxg6 31.Rxg6 Rxg6 32.Qf1 Nb4 33.Qf2 Nbc2 34.Rxh7+ Kxh7 35.Qh4+ Rh6
36.Qe7+ Kg6 37.Qxf8 Nf3 38.Bf7+  1-0

[Event "ch-UKR w"]
[Site "Evpatoria UKR"]
[Date "2009.05.24"]
[Round "2"]
[White "Ivanenko,O2"]
[Black "Kalinina,O"]
[Result "0-1"]
[WhiteElo "2002"]
[BlackElo "2159"]

1.e4 c5 2.Nf3 e6 3.d4 cxd4 4.Nxd4 a6 5.Bd3 Qc7 6.O-O d6 7.Qe2 g6 8.f4 Bg7
9.Be3 Nf6 10.Kh1 O-O 11.c4 Nbd7 12.Nc3 b6 13.Rfc1 Bb7 14.b4 Rfe8 15.Nb3 Rac8
16.a4 e5 17.fxe5 Nxe5 18.Nd5 Nxd5 19.cxd5 Qd8 20.Bxa6 Bxa6 21.Qxa6 Rb8 22.Nd4 Ng4
23.Qd3 Qh4 24.Nf3 Qh5 25.Ra2 Nxe3 26.Qxe3 Bh6 27.Qe1 Bxc1 28.Qxc1 Rxe4 29.Rc2 Rbe8
30.a5 bxa5 31.bxa5 Qxd5 32.a6 Qa5 33.h3 Re1+ 34.Nxe1 Rxe1+ 35.Qxe1 Qxe1+
36.Kh2 Qe5+ 37.g3 Qa5  0-1

[Event "Doroshkevicha Mem"]
[Site "Belorechensk RUS"]
[Date "2009.05.26"]
[Round "4"]
[White "Gorkavij,V"]
[Black "Kornilov,P"]
[Result "1-0"]
[WhiteElo "2327"]
[BlackElo "2105"]

1.e4 c5 2.Nf3 e6 3.d4 cxd4 4.Nxd4 a6 5.Bd3 Nf6 6.O-O Qc7 7.Qe2 d6 8.c4 Be7
9.Nc3 O-O 10.Be3 b6 11.f4 Nbd7 12.f5 Ne5 13.Kh1 Bd7 14.Rac1 Nfg4 15.Bg1 Nxd3
16.Qxd3 Ne5 17.Qg3 Bf6 18.Nce2 Nc6 19.Nf3 Nb4 20.Nf4 Nxa2 21.Nh5 Kh8 22.Nxf6 gxf6
23.Qh4 Qd8 24.Ra1 Nb4 25.Bxb6 Qe7 26.e5 exf5 27.Rae1 Rfe8 28.exf6 Qf8 29.Ng5 Qg8
30.Re7 Rxe7 31.fxe7 Qg6 32.Bd4+ Kg8 33.Rf3 h5 34.Rg3 f4 35.Qxf4 Qb1+ 36.Bg1 Bf5
37.Ne4+ Bg6 38.Nf6+ Kg7 39.Nxh5+ Kg8 40.Qf6  1-0

[Event "ch-UKR w"]
[Site "Evpatoria UKR"]
[Date "2009.05.27"]
[Round "5"]
[White "Andrenko,I"]
[Black "Ivanenko,O2"]
[Result "0-1"]
[WhiteElo "2201"]
[BlackElo "2002"]

1.e4 c5 2.Nf3 e6 3.d4 cxd4 4.Nxd4 a6 5.Bd3 Qb6 6.Nb3 Qc7 7.O-O Nf6 8.f4 d6
9.N1d2 Nbd7 10.Nf3 g6 11.h3 Bg7 12.Qe1 O-O 13.Qh4 b6 14.Bd2 Bb7 15.Rae1 e5
16.fxe5 dxe5 17.Rf2 Qc6 18.Ng5 a5 19.Bc3 Rae8 20.Nd2 h6 21.Ngf3 Nh5 22.Nc4 Bc8
23.Rff1 Bb7 24.Bd2 f5 25.Ne3 f4 26.Nd5 Qc5+ 27.Qf2 Bxd5 28.exd5 Kh7 29.Nh4 Rf6
30.Qxc5 Nxc5 31.Bb5 Re7 32.Bc3 Rd6 33.Bc4 e4 34.Bxg7 Kxg7 35.g4 fxg3 36.Ng2 Nd7
37.Nf4 Nxf4 38.Rxf4 Nf6 39.Kg2 g5 40.Rff1 Nh5 41.Bb3 a4 42.Bc4 b5 43.Be2 Nf4+
44.Kxg3 Rxd5 45.Bf3 Rd4 46.Bh1 Nh5+ 47.Kf2 Rd2+ 48.Ke3 Rxc2 49.Rf2 Rc4 50.b3 axb3
51.axb3 Rc3+ 52.Kd4 Rxb3 53.Kc5 Nf4 54.Kd6 Re6+ 55.Kd7 Rd3+ 56.Kc7 e3 57.Rb2 e2
58.Rbb1 Red6 59.Be4 Rd1 60.Bc2 Rxe1 61.Rxe1 Rd2  0-1

[Event "ch-UKR w"]
[Site "Evpatoria UKR"]
[Date "2009.05.29"]
[Round "7"]
[White "Dolzhikova,K"]
[Black "Kalinina,O"]
[Result "0-1"]
[WhiteElo "2291"]
[BlackElo "2159"]

1.e4 c5 2.Nf3 e6 3.d4 cxd4 4.Nxd4 a6 5.Bd3 d6 6.O-O Bd7 7.c4 Nc6 8.Be3 Nf6
9.Nc3 Ne5 10.Be2 Rc8 11.Qb3 Qc7 12.Rac1 Neg4 13.Bg5 d5 14.g3 dxc4 15.Qd1 Bc5
16.h3 h6 17.Bh4 g5 18.Bxg5 hxg5 19.hxg4 Qe5 20.Kg2 Qxd4 21.Qc2 Bc6 22.f3 b5
23.Rcd1 Qe5 24.Rh1 Ke7 25.Rxh8 Rxh8 26.Bf1 b4 27.Ne2 Nxg4  0-1

[Event "TOP 16 Poule Basse"]
[Site "Le Port Marly FRA"]
[Date "2009.05.30"]
[Round "10"]
[White "Berthelot,Y"]
[Black "Koch,JR"]
[Result "0-1"]
[WhiteElo "2324"]
[BlackElo "2453"]

1.e4 c5 2.Nf3 e6 3.d4 cxd4 4.Nxd4 a6 5.Bd3 g6 6.O-O Bg7 7.Be3 Nf6 8.c4 d6
9.Nc3 O-O 10.Rc1 Nbd7 11.b4 Qc7 12.f4 b6 13.Nb3 Bb7 14.Qe2 Rac8 15.h3 Qb8
16.Qf2 Ba8 17.Rfd1 Rfd8 18.Kh1 Bf8 19.a3 Bg7 20.Nd2 Nh5 21.Na4 Rc6 22.Nb3 b5
23.cxb5 axb5 24.Rxc6 Bxc6 25.Na5 Ba8 26.Nb6 Nxb6 27.Bxb6 Rc8 28.Ba7 Qc7 29.Be3 Qd7
30.Rc1 Rxc1+ 31.Bxc1 Qc7 32.Bd2 Bb2 33.Kh2 e5 34.f5 Bd4 35.Qe2 Nf4 36.Bxf4 exf4
37.Bxb5 d5 38.e5 Bxe5 39.Kh1 Qc1+ 40.Qf1 Qxa3 41.Nc6 Bxc6 42.Bxc6 Qg3 43.Qf3 Qe1+
44.Kh2 Bd4 45.h4 Qxh4+ 46.Qh3 Qe1  0-1

[Event "12th IHEM"]
[Site "Hamburg GER"]
[Date "2009.06.03"]
[Round "5"]
[White "Ritscher,JP"]
[Black "Siebrecht,S"]
[Result "0-1"]
[WhiteElo "2295"]
[BlackElo "2433"]

1.e4 c5 2.Nf3 e6 3.d4 cxd4 4.Nxd4 a6 5.Bd3 Bc5 6.Nb3 Be7 7.Be3 Nf6 8.f4 d6
9.N1d2 e5 10.f5 d5 11.Qf3 Nc6 12.c3 g6 13.exd5 Nxd5 14.fxg6 hxg6 15.Bc4 Be6
16.O-O-O f5 17.Ne4 Nd4 18.cxd4 Nxe3 19.Bxe6 Qc7+ 20.Nec5 Nxd1 21.Rxd1 exd4
22.Kb1 Bxc5 23.Nxc5 Qxc5 24.Qxb7 Qa7 25.Qc6+ Kf8 26.g4 Rd8 27.Bxf5 Qe7 28.Bxg6 Rd6
29.Qf3+ Kg7 30.Bd3 Rxh2 31.Qg3 Rh8 32.g5 Rd5 33.g6 Re5 34.Rf1 Re3 35.Qf2 Rxd3
36.Qc2 Rf3  0-1

[Event "XXXI Nezhmetdinov Mem"]
[Site "Kazan RUS"]
[Date "2009.06.05"]
[Round "6"]
[White "Talov,N"]
[Black "Ambartsumova,K"]
[Result "0-1"]
[WhiteElo "2089"]
[BlackElo "2248"]

1.e4 c5 2.Nf3 e6 3.d4 cxd4 4.Nxd4 a6 5.Bd3 Bc5 6.Nb3 Ba7 7.Nc3 Nc6 8.O-O Nge7
9.Kh1 O-O 10.f4 d6 11.f5 f6 12.Bc4 d5 13.exd5 Ne5 14.d6 Nxf5 15.Be2 Qxd6
16.Bf4 Qxd1 17.Raxd1 Ne3 18.Bxe3 Bxe3 19.Ne4 b5 20.Rd6 Ra7 21.Nec5 Kf7 22.Rfd1 Rc7
23.Nxa6 Rxc2 24.Bf3 Nxf3 25.gxf3 Bf4 26.Rb6 Rxh2+ 27.Kg1 Rxb2  0-1